Personnel and organizational psychology /

Bibliographic Details
Main Author: Siegel, Laurence
Other Authors: Lane, Irving M.
Format: Book
Language:English
Published: Homewood, Ill. : Georgetown, Ont. : Irwin-Dorsey, R.D. Irwin ; 1982.
Series:Irwin series in management and the behavioral sciences.
Subjects:

MARC

Tag First Indicator Second Indicator Subfields
LEADER 00000cam a2200000 a 4500
001 in00000546830
005 20151014051425.0
008 820201s1982 ilua b 00110 eng
010 |a  81081551  
020 |a 0256027218 
035 |a (OCoLC)08128194 
035 |9 ACJ4272AM 
039 0 |a 2  |b 3  |c 3  |d 3  |e 3 
040 |a DLC  |c DLC  |d TXA  |d UtOrBLW 
049 |a TXAM  |c [1616150] 
050 0 0 |a HF5548.8  |b .S512 
082 0 |a 158.7  |2 19 
100 1 |a Siegel, Laurence. 
245 1 0 |a Personnel and organizational psychology /  |c Laurence Siegel, Irving M. Lane. 
264 1 |a Homewood, Ill. :  |b R.D. Irwin ;  |a Georgetown, Ont. : Irwin-Dorsey,  |c 1982. 
300 |a xii, 443 pages :  |b illustrations ;  |c 25 cm. 
336 |a text  |b txt  |2 rdacontent 
337 |a unmediated  |b n  |2 rdamedia 
338 |a volume  |b nc  |2 rdacarrier 
490 1 |a Irwin series in management and the behavioral sciences 
504 |a Includes bibliographies and indexes. 
650 0 |a Psychology, Industrial. 
700 1 |a Lane, Irving M. 
830 0 |a Irwin series in management and the behavioral sciences. 
999 |a MARS 
999 f f |s cb9001e9-d3d9-3235-8f11-fe76f6f2ac18  |i 4bf9998c-385e-31cb-973c-0653f53fdb87  |t 0 
952 f f |p ric  |a Texas A&M University  |b Rellis Campus  |c Joint Library Facility  |d Remote Storage  |t 0  |e HF5548.8 .S512  |h Library of Congress classification  |i unmediated -- volume  |m A14808952185 
998 f f |a HF5548.8 .S512  |t 0  |l Remote Storage